Alle Deutschen Fußball-Meister seit 1903 - Statistiken

Allgemein
  • Dieses Quiz wurde 58.698 mal gespielt
    33.362 seit der letzten Aktualisierung
  • Das Durchschnittsergebnis liegt bei 19 aus 30
Antwortstatistiken
Deutscher Meister % Korrekt
35x FC Bayern München
100%
8x Borussia Dortmund
99%
1x Bayer 04 Leverkusen
96%
6x Hamburger SV
94%
5x VfB Stuttgart
92%
4x SV Werder Bremen
91%
3x 1. FC Köln
88%
1x VfL Wolfsburg
88%
7x FC Schalke 04
87%
5x Borussia Mönchengladbach
82%
4x 1. FC Kaiserslautern
80%
9x 1. FC Nürnberg
79%
1x Eintracht Frankfurt
73%
2x Hertha BSC
73%
3x VfB Leipzig
68%
1x TSV 1860 München
66%
2x Dresdner SC
62%
2x Hannover 96
59%
1x Fortuna Düsseldorf
56%
1x Eintracht Braunschweig
51%
1x Rot-Weiss Essen
49%
1x Holstein Kiel
46%
1x Freiburger FC
45%
1x SK Rapid Wien
40%
1x Berliner TuFC Union 1892
39%
3x SpVgg Fürth
39%
1x VfR Mannheim
31%
2x Berliner TuFC Viktoria 89
13%
1x FC Phönix Karlsruhe
8%
1x Karlsruher FV
7%
Keine übereinstimmenden Quizze gefunden
Verteilung der Resultate
Anzahl Personen mit jedem Resultat
Perzentil nach korrekt beantworteten Fragen
Ihre Resultats-Entwicklung
Sie haben dieses Quiz seit der letzten Aktualisierung nicht gespielt